Type the Opposite - Statistics

General Stats
  • This quiz has been taken 51 times
  • The average score is 18 of 20
Answer Stats
Hint Answer % Correct
Sad Happy
100%
North South
100%
Small Big
95%
Cat Dog
95%
Up Down
95%
Wet Dry
95%
Silver Gold
95%
Hate Love
95%
Female Male
95%
Daytime Nighttime
95%
Left Right
95%
Long Short
95%
Beautiful Ugly
95%
Outdoors Indoors
93%
Ilegal Legal
90%
Old Young
90%
Noisy Quiet
88%
Green Red
81%
Innocent Guilty
69%
Dull Sunny
2%
No matching quizzes found
Score Distribution
Percent of People with Each Score
Percentile by Number Answered
Your Score History
You have not taken this quiz